Desenvolvimento local e descentralização na América Latina : (Registro nro. 8645)

Detalles MARC
000 -LEADER
fixed length control field 01044nam a2200229Ia 4500
003 - CONTROL NUMBER IDENTIFIER
control field OSt
005 - DATE AND TIME OF LATEST TRANSACTION
control field 20211027151719.0
008 - FIXED-LENGTH DATA ELEMENTS--GENERAL INFORMATION
fixed length control field 210310s2000 cl fr 000 0 por d
040 ## - CATALOGING SOURCE
Original cataloging agency CO-JMCR
Transcribing agency CO-JMCR
041 0# - LANGUAGE CODE
Language code of text/sound track or separate title por
082 04 - DEWEY DECIMAL CLASSIFICATION NUMBER
Classification number 338.981 /
Item number A485d
Edition number 23
100 1# - MAIN ENTRY--PERSONAL NAME
Personal name Amaral Filho, Jair do,
9 (RLIN) 17873
Relator term autor
245 10 - TITLE STATEMENT
Title Desenvolvimento local e descentralização na América Latina :
Remainder of title o caso do Estado do ceará, Brasil /
Statement of responsibility, etc. Jair do Amaral Filho
260 ## - PUBLICATION, DISTRIBUTION, ETC.
Place of publication, distribution, etc. Santiago de Chile :
Name of publisher, distributor, etc. Cepal,
Date of publication, distribution, etc. 2000
300 ## - PHYSICAL DESCRIPTION
Extent iii, 65 páginas ;
Dimensions 28 cm.
490 0# - SERIES STATEMENT
Series statement Proyecto Cepal/GTZ "Desarrollo económico local y descentralización en América Latina"
504 ## - BIBLIOGRAPHY, ETC. NOTE
Bibliography, etc. note Bibliografía: páginas 63-65
505 0# - FORMATTED CONTENTS NOTE
Formatted contents note Descrição da iniciativa de desenvolvimento econômico -- Caracterização do território -- Alianças e cooperação público e -- Descentralização e instrumentos
650 14 - SUBJECT ADDED ENTRY--TOPICAL TERM
Topical term or geographic name entry element Desarrollo económico local
9 (RLIN) 17875
Geographic subdivision Ceará, Brasil
650 24 - SUBJECT ADDED ENTRY--TOPICAL TERM
Topical term or geographic name entry element Actividad económica
General subdivision Datos socioeconómicos
Geographic subdivision Ceará, Brasil
9 (RLIN) 41314
942 ## - ADDED ENTRY ELEMENTS (KOHA)
Source of classification or shelving scheme Dewey Decimal Classification
Koha item type Books
Existencias
Withdrawn status Lost status Source of classification or shelving scheme Damaged status Not for loan Collection code Home library Current library Date acquired Source of acquisition Full call number Barcode Date last seen Copy number Koha item type
    Dewey Decimal Classification     Non-fiction Biblioteca Pública José María del Castillo y Rada Biblioteca Pública José María del Castillo y Rada 04/15/2018 Donación 338.981 / A485d 430005611 05/16/2024 Ej.1 Books